000 00273nam a2200109Ia 4500
008 231219s9999 xx 000 0 und d
041 _aeng
100 _aO.P.Hall
245 _aComputer Models For Operations Management
260 _bAddison Wesley
650 _aManagement
999 _c976886
_d976886